[Event "Oceania zt"]
[Site "Tumon"]
[Date "2019.02.21"]
[Round "6"]
[White "Whipps, Ksau Anthony Flores"]
[Black "McFarland, Malcolm"]
[Result "1/2-1/2"]
[WhiteElo "1519"]
[BlackElo "1781"]
[PlyCount "38"]
[EventDate "2019.02.18"]
[EventType "swiss"]
[EventRounds "9"]
[EventCountry "GMA"]
[SourceTitle "CBM 189 Extra"]
[Source "ChessBase"]
[SourceDate "2019.06.03"]
[SourceVersion "1"]
[SourceVersionDate "2019.06.03"]
[SourceQuality "1"]

1. e4 e5 2. Nf3 Nf6 3. Nxe5 d6 4. Nc4 Nxe4 5. Qe2 Qe7 6. d3 Nf6 7. Bg5 Be6 8. Nbd2 Nbd7 9. 0-0-0 0-0-0 10. h3 h6 11. Bxf6 Nxf6 12. Ne4 Bxc4 13. Nxf6 Qxf6 14. dxc4 Qg5+ 15. Kb1 Kb8 16. Qe3 Qxe3 17. fxe3 Be7 18. Bd3 Bg5 19. Rhf1 f6 1/2-1/2

[Event "Wch U12"]
[Site "Al Ain"]
[Date "2013.12.19"]
[Round "2"]
[White "Whipps, Ksau Anthony Flores"]
[Black "Tryggestad, Andreas Garberg"]
[Result "0-1"]
[WhiteElo "1462"]
[BlackElo "1848"]
[PlyCount "100"]
[EventDate "2013.12.18"]
[EventType "swiss"]
[EventRounds "11"]
[EventCountry "UAE"]
[SourceTitle "CBM 158 Extra"]
[Source "ChessBase"]
[SourceDate "2014.02.28"]
[SourceVersion "1"]
[SourceVersionDate "2014.02.28"]
[SourceQuality "1"]

1. e4 c5 2. Nf3 e6 3. d4 cxd4 4. Nxd4 a6 5. Nc3 Qc7 6. Be3 Bb4 7. Qd3 Nf6 8. 0-0-0 Bxc3 9. bxc3 Nc6 10. e5 Nxe5 11. Qd2 Ne4 12. Qe2 Nxc3 13. Qh5 Nxd1 14. Qxd1 d5 15. Qe1 Bd7 16. Bf4 Nd3+ 17. Bxd3 Qxf4+ 18. Qe3 Qxe3+ 19. fxe3 Rc8 20. Be2 Ke7 21. Rf1 Rc3 22. h4 Rhc8 23. Bh5 g6 24. Bd1 Rxe3 25. Nf3 Bb5 26. Rf2 Rxf3 27. Rxf3 Rc4 28. Be2 Rxh4 29. Bxb5 axb5 30. Rf1 Rg4 31. Rg1 h5 32. Kd2 h4 33. Ke2 h3 34. Kf3 Rxg2 35. Rxg2 hxg2 36. Kxg2 f5 37. Kh3 g5 38. Kg3 e5 39. Kf3 d4 40. a4 bxa4 41. c4 a3 42. c5 a2 43. Ke2 a1Q 44. c6 bxc6 45. Kd2 Qc3+ 46. Ke2 d3+ 47. Ke3 d2+ 48. Kf2 d1Q 49. Kg2 Qcf3+ 50. Kh2 Qdh1# 0-1